| 000 | 00705nam a2200205 a 4500 | ||
|---|---|---|---|
| 001 | 000036898 | ||
| 005 | 20200930080016.0 | ||
| 008 | 090630s1964 sp a 001 0 spa d | ||
| 040 |
_aDO-SdBNP _bspa _cBNPHU |
||
| 082 |
_axxxx _bE74a |
||
| 100 | 1 |
_aFerria Contin, Ferruccio _963288 |
|
| 245 | 1 | 0 |
_aGestión financiera de la empres / _cFerruccio Ferria Contin; traducción Agustín Rodríguez Sahagún; prólogo Ubaldo de Dominicis. |
| 250 | _a3a ed. | ||
| 260 |
_aBilbao, España : _bEdiciones Deusto, _c1964. |
||
| 300 |
_a170 p. ; _c21 cm. |
||
| 490 | 1 | _aGestión | |
| 700 | 1 |
_aRodríguez Sahagún, Agustín, _etr. _963289 |
|
| 700 | 1 |
_aDominicis, Ubaldo de, _epról. _963290 |
|
| 830 | 0 |
_aGestión _950598 |
|
| 999 |
_c36389 _d36389 |
||